| 000 | 00829nam a2200229Ii 4500 | ||
|---|---|---|---|
| 003 | JO-AjNU | ||
| 008 | 230605s9999||||xx |||||||||||||| ||und|| | ||
| 017 | _a2006/5/1162 | ||
| 020 | _a9957-09-239-1 | ||
| 040 |
_aJO-AjNU _bara _erda _cJO-AjNU |
||
| 041 | _aara | ||
| 050 | 1 | 4 | _aPJ7538.N57 2006 |
| 100 | 3 |
_aمسعد، أحلام واصف, _eauthor _939725 |
|
| 245 | 0 | 0 | _aمرايا الأب والسلطة: قراءة سوسيوثقافية في السيرة الذاتية العربية المعاصرة |
| 250 | _aط1 | ||
| 264 | 3 | 1 | _aعمان: أزمنة للنشر، 2006 |
| 300 | _a163ص | ||
| 336 |
_atext _btxt _2rdacontent |
||
| 337 |
_aunmediated _bn _2rdamedia |
||
| 338 |
_avolume _bnc _2rdacarrier |
||
| 650 | 4 |
_aالأدب العربي - تحليل ونقد - السيرة الذاتية - تراجم _939726 |
|
| 999 |
_aA16802 _c20370 _d20370 |
||